[Event "Minsk op"]
[Site "Minsk"]
[Date "2022.08.11"]
[Round "9"]
[White "Vainerchuk, Barys"]
[Black "Chuprynenka, Yauheni"]
[Result "1-0"]
[WhiteElo "2008"]
[BlackElo "1553"]
[PlyCount "49"]
[EventDate "2022.08.03"]
[EventType "swiss"]
[EventRounds "9"]
[EventCountry "BLR"]
[SourceTitle "CBM 209 Extra"]
[Source "ChessBase"]
[SourceDate "2022.09.30"]
[SourceVersion "1"]
[SourceVersionDate "2022.09.30"]
[SourceQuality "1"]

1. d4 Nf6 2. Nf3 d5 3. g3 e6 4. Bg2 Be7 5. 0-0 0-0 6. b3 a5 7. a4 Na6 8. Bb2 b6 9. Ne5 Bb7 10. Nd2 c5 11. e3 Rc8 12. Re1 Ne4 13. Nxe4 dxe4 14. Qe2 Nb4 15. Rad1 Qc7 16. dxc5 Bf6 17. cxb6 Qxc2 18. Qxc2 Rxc2 19. Bd4 Bd5 20. Bf1 Nc6 21. Nxc6 Rxc6 22. Bb5 Rc2 23. Rc1 Rd2 24. Bc5 Rd8 25. b4 1-0

[Event "Minsk op"]
[Site "Minsk"]
[Date "2022.08.10"]
[Round "8"]
[White "Siniauski, Artsiom"]
[Black "Vainerchuk, Barys"]
[Result "1-0"]
[WhiteElo "2226"]
[BlackElo "2008"]
[PlyCount "71"]
[EventDate "2022.08.03"]
[EventType "swiss"]
[EventRounds "9"]
[EventCountry "BLR"]
[SourceTitle "CBM 209 Extra"]
[Source "ChessBase"]
[SourceDate "2022.09.30"]
[SourceVersion "1"]
[SourceVersionDate "2022.09.30"]
[SourceQuality "1"]

1. e4 c5 2. Nf3 g6 3. c3 Bg7 4. d4 cxd4 5. cxd4 d5 6. e5 a6 7. h3 Nc6 8. Nc3 f6 9. Bf4 Nh6 10. Qd2 Nf7 11. exf6 exf6 12. Bd3 0-0 13. 0-0 g5 14. Bh2 f5 15. Bc2 Re8 16. Rad1 Be6 17. Rfe1 Qf6 18. Be5 Qg6 19. Bxg7 Kxg7 20. Ba4 g4 21. hxg4 fxg4 22. Ne5 Nfxe5 23. dxe5 Rad8 24. Bxc6 bxc6 25. Qe3 Bf5 26. Ne2 Be4 27. Nf4 Qh6 28. e6 Kg8 29. Rc1 Qg7 30. Rxc6 Re7 31. Rec1 Qxb2 32. Rc8 Rde8 33. R1c3 Qb7 34. Qc1 d4 35. R3c7 Qb4 36. Nd5 1-0

[Event "Minsk op"]
[Site "Minsk"]
[Date "2022.08.09"]
[Round "7"]
[White "Vainerchuk, Barys"]
[Black "Kekelidze, Mikheil"]
[Result "1-0"]
[WhiteElo "2008"]
[BlackElo "2351"]
[PlyCount "81"]
[EventDate "2022.08.03"]
[EventType "swiss"]
[EventRounds "9"]
[EventCountry "BLR"]
[SourceTitle "CBM 209 Extra"]
[Source "ChessBase"]
[SourceDate "2022.09.30"]
[SourceVersion "1"]
[SourceVersionDate "2022.09.30"]
[SourceQuality "1"]

1. d4 g6 2. e4 Bg7 3. c3 d6 4. Bd3 Nc6 5. f4 d5 6. e5 Bf5 7. Bxf5 gxf5 8. Nf3 e6 9. Be3 Qd7 10. Nbd2 Nge7 11. Qe2 a5 12. h4 a4 13. h5 h6 14. Bf2 Nc8 15. Nf1 f6 16. Bh4 fxe5 17. fxe5 Nb6 18. Ne3 Qf7 19. Nd2 Kd7 20. Rf1 Qg8 21. 0-0-0 Rf8 22. g4 fxg4 23. Rxf8 Bxf8 24. Nxg4 Kc8 25. Nf6 Qg7 26. Qh2 Be7 27. Rg1 Qf7 28. Rg6 Nd7 29. Qg3 Bxf6 30. Bxf6 Rf8 31. Rxh6 a3 32. Qg6 axb2+ 33. Kxb2 Nxf6 34. Qxf7 Rxf7 35. exf6 e5 36. Nf3 e4 37. Ng5 Rf8 38. Rg6 Nd8 39. h6 Kd7 40. h7 e3 41. Kc2 1-0

[Event "Minsk op"]
[Site "Minsk"]
[Date "2022.08.06"]
[Round "4"]
[White "Osetrov, Dmitrij"]
[Black "Vainerchuk, Barys"]
[Result "0-1"]
[WhiteElo "2087"]
[BlackElo "2008"]
[PlyCount "90"]
[EventDate "2022.08.03"]
[EventType "swiss"]
[EventRounds "9"]
[EventCountry "BLR"]
[SourceTitle "CBM 209 Extra"]
[Source "ChessBase"]
[SourceDate "2022.09.30"]
[SourceVersion "1"]
[SourceVersionDate "2022.09.30"]
[SourceQuality "1"]

1. d4 Nf6 2. g3 e6 3. c4 Bb4+ 4. Bd2 Qe7 5. Bg2 0-0 6. e4 Bxd2+ 7. Nxd2 e5 8. d5 a5 9. Ne2 Na6 10. 0-0 d6 11. a3 Bd7 12. Nc3 c6 13. Na4 Qd8 14. Rc1 b5 15. dxc6 bxa4 16. cxd7 Qxd7 17. c5 Nxc5 18. Nc4 Nb3 19. Rc3 Ra6 20. Rd3 Nd4 21. f4 Qb5 22. fxe5 dxe5 23. Nxe5 Qxe5 24. Rxd4 Rb6 25. Rf5 Qe6 26. Rf2 Ng4 27. Rd8 Rb8 28. Rxf8+ Rxf8 29. Qe2 Nxf2 30. Qxf2 Rb8 31. Kh1 Qb6 32. Qf4 Qxb2 33. h4 Rd8 34. e5 Qxa3 35. h5 h6 36. Kh2 Qa2 37. Qf5 a3 38. e6 Qxe6 39. Qxa5 Qe7 40. Be4 a2 41. Qf5 Qxe4 42. Qxe4 a1Q 43. Qe7 Rd2+ 44. Kh3 Qf1+ 45. Kh4 Rh2+ 0-1

[Event "BLR-ch U20"]
[Site "Minsk"]
[Date "2022.04.16"]
[Round "5"]
[White "Hryharovich, Aliaksei"]
[Black "Vainerchuk, Barys"]
[Result "1/2-1/2"]
[WhiteElo "2100"]
[BlackElo "1997"]
[PlyCount "73"]
[EventDate "2022.04.13"]
[EventType "tourn"]
[EventRounds "11"]
[EventCountry "BLR"]
[SourceTitle "CBM 207 Extra"]
[Source "ChessBase"]
[SourceDate "2022.05.31"]
[SourceVersion "1"]
[SourceVersionDate "2022.05.31"]
[SourceQuality "1"]

1. d4 d5 2. Nf3 Nf6 3. Bf4 e6 4. e3 Bd6 5. Ne5 0-0 6. Nd2 c5 7. c3 Qc7 8. Bd3 Nc6 9. Ndf3 Ne4 10. 0-0 f6 11. Nxc6 Bxf4 12. Ne7+ Qxe7 13. exf4 b6 14. Nd2 Bb7 15. Re1 f5 16. Nf3 Qd6 17. g3 Rac8 18. a3 Rc7 19. Re3 a6 20. Qe2 cxd4 21. Nxd4 g5 22. f3 gxf4 23. gxf4 Rg7+ 24. Kh1 Qxf4 25. fxe4 fxe4 26. Bxe4 dxe4 27. Nxe6 Qf3+ 28. Rxf3 exf3 29. Qf2 Rg2 30. Rg1 Rf6 31. Qxb6 f2 32. Qd8+ Kf7 33. Qd7+ Kg6 34. Qd3+ Kf7 35. Qd7+ Kg6 36. Qd3+ Kf7 37. Qd7+ 1/2-1/2

[Event "BLR-ch U20"]
[Site "Minsk"]
[Date "2022.04.15"]
[Round "4"]
[White "Vainerchuk, Barys"]
[Black "Tsaruk, Maksim"]
[Result "1/2-1/2"]
[WhiteElo "1997"]
[BlackElo "2405"]
[PlyCount "227"]
[EventDate "2022.04.13"]
[EventType "tourn"]
[EventRounds "11"]
[EventCountry "BLR"]
[SourceTitle "CBM 207 Extra"]
[Source "ChessBase"]
[SourceDate "2022.05.31"]
[SourceVersion "1"]
[SourceVersionDate "2022.05.31"]
[SourceQuality "1"]

1. d4 Nf6 2. Nc3 d5 3. Bg5 h6 4. Bxf6 exf6 5. e3 c6 6. Bd3 g6 7. Nge2 Bd6 8. Qd2 Nd7 9. f3 b5 10. a3 Nb6 11. b3 Qe7 12. 0-0 Bxa3 13. e4 Bb4 14. Qc1 Kf8 15. exd5 Nxd5 16. Nxd5 cxd5 17. Bxb5 Kg7 18. Nf4 Bc3 19. Nxd5 Bxd4+ 20. Kh1 Qc5 21. c3 Be5 22. Bc4 Be6 23. Qa3 Rhc8 24. Qxc5 Rxc5 25. Nb6 Bxc4 26. bxc4 Rd8 27. Rxa7 Rc6 28. Nd5 Rxc4 29. Ra5 Rh4 30. h3 Rc4 31. Rd1 Rd6 32. Ra2 h5 33. Rad2 Bxc3 34. Nxc3 Rxd2 35. Rxd2 Rxc3 36. Kg1 g5 37. Kf2 Kg6 38. Ra2 f5 39. Rb2 Rc4 40. Ra2 Rb4 41. Ra6+ Kg7 42. Ra2 f4 43. Ke2 Rd4 44. Rb2 Rd5 45. Rb6 Ra5 46. Kf2 Ra2+ 47. Kf1 Rd2 48. Ra6 f6 49. Ra7+ Kg6 50. Ra5 Kf7 51. h4 Kg6 52. hxg5 fxg5 53. Rb5 g4 54. fxg4 hxg4 55. Ra5 Kf6 56. Rb5 g3 57. Ra5 Ke6 58. Rb5 Ra2 59. Rc5 Rf2+ 60. Kg1 Rd2 61. Kf1 Rd5 62. Rc8 Kf5 63. Ke2 Re5+ 64. Kd2 Rb5 65. Rf8+ Ke4 66. Re8+ Re5 67. Rf8 Ra5 68. Re8+ Kf5 69. Rf8+ Kg4 70. Rg8+ Rg5 71. Rf8 Rg7 72. Ke2 Rg6 73. Kd2 Kg5 74. Ke2 Re6+ 75. Kd2 Rb6 76. Rg8+ Kf5 77. Rf8+ Ke5 78. Re8+ Kd5 79. Rd8+ Ke6 80. Ke2 Kf5 81. Rf8+ Rf6 82. Rg8 Re6+ 83. Kd2 Re7 84. Rf8+ Kg5 85. Rg8+ Kf6 86. Rf8+ Rf7 87. Rg8 Rb7 88. Rf8+ Ke5 89. Re8+ Kf6 90. Rf8+ Rf7 91. Rg8 Kf5 92. Ke2 Re7+ 93. Kd2 Re6 94. Rf8+ Rf6 95. Rg8 Ra6 96. Rf8+ Ke5 97. Re8+ Kd5 98. Rd8+ Ke6 99. Ke2 Ra2+ 100. Kf3 Rf2+ 101. Kg4 Ke5 102. Re8+ Kd4 103. Re7 Kd3 104. Re8 Rf1 105. Re7 Kd4 106. Re8 Rf2 107. Re7 Kd3 108. Re8 Kd2 109. Re7 Re2 110. Rf7 Rxg2 111. Rxf4 Ke2 112. Rf3 Rg1 113. Rxg3 Rxg3+ 114. Kxg3 1/2-1/2

[Event "BLR-ch U20"]
[Site "Minsk"]
[Date "2022.04.13"]
[Round "2"]
[White "Vainerchuk, Barys"]
[Black "Strybuk, Artsiom I"]
[Result "1/2-1/2"]
[WhiteElo "1997"]
[BlackElo "2263"]
[PlyCount "88"]
[EventDate "2022.04.13"]
[EventType "tourn"]
[EventRounds "11"]
[EventCountry "BLR"]
[SourceTitle "CBM 207 Extra"]
[Source "ChessBase"]
[SourceDate "2022.05.31"]
[SourceVersion "1"]
[SourceVersionDate "2022.05.31"]
[SourceQuality "1"]

1. d4 Nf6 2. Nc3 d5 3. Bg5 Bf5 4. Bxf6 gxf6 5. e3 e6 6. Bd3 Bg6 7. f4 f5 8. Nf3 c5 9. Bb5+ Nc6 10. 0-0 Rc8 11. Ne5 f6 12. Bxc6+ bxc6 13. Nd3 Qa5 14. dxc5 Bxc5 15. Nxc5 Qxc5 16. Qd2 0-0 17. Na4 Qb5 18. b3 c5 19. c4 dxc4 20. Qe2 Be8 21. Nc3 Qb4 22. Qxc4 Qxc4 23. bxc4 Rb8 24. Rab1 Rb4 25. Rxb4 cxb4 26. Nb5 a5 27. Nd4 Bf7 28. Rc1 Rc8 29. Nb3 a4 30. Nd2 Kf8 31. Rb1 Rb8 32. c5 Ke7 33. Nc4 e5 34. Nb6 b3 35. axb3 axb3 36. Kf2 Kd8 37. Ke2 Kc7 38. Kd2 Rd8+ 39. Kc3 e4 40. Nc4 Rd3+ 41. Kb4 Bxc4 42. Kxc4 Rxe3 43. Rxb3 Re2 44. Rb6 Rxg2 1/2-1/2

[Event "BLR-ch 1st League"]
[Site "Minsk"]
[Date "2021.12.11"]
[Round "3"]
[White "Vainerchuk, Barys"]
[Black "Siniauski, Artsiom"]
[Result "0-1"]
[WhiteElo "2020"]
[BlackElo "2301"]
[PlyCount "42"]
[EventDate "2021.12.09"]
[EventType "swiss"]
[EventRounds "9"]
[EventCountry "BLR"]
[SourceTitle "EXT 2023"]
[Source "ChessBase"]
[SourceDate "2022.10.05"]
[SourceVersion "1"]
[SourceVersionDate "2022.10.05"]
[SourceQuality "1"]

1. e4 e6 2. c4 d5 3. exd5 exd5 4. cxd5 Nf6 5. Bb5+ Bd7 6. Bc4 Bg4 7. Ne2 Bd6 8. 0-0 0-0 9. Nbc3 Nbd7 10. d3 Re8 11. Re1 Ne5 12. Qd2 Qe7 13. Kf1 Nh5 14. Qg5 Qd7 15. Ng1 h6 16. Qd2 Nf3 17. Nxf3 Bxf3 18. Ne4 Nf4 19. Re3 Qg4 20. Qc2 Qxg2+ 21. Ke1 Bb4+ 0-1

[Event "BLR-ch U18"]
[Site "Minsk"]
[Date "2021.02.09"]
[Round "6"]
[White "Naumovich, Yaroslav"]
[Black "Vainerchuk, Barys"]
[Result "1-0"]
[WhiteElo "2025"]
[BlackElo "1971"]
[PlyCount "75"]
[EventDate "2021.02.04"]
[EventType "swiss"]
[EventRounds "9"]
[EventCountry "BLR"]
[SourceTitle "EXT 2022"]
[Source "ChessBase"]
[SourceDate "2021.10.06"]
[SourceVersion "1"]
[SourceVersionDate "2021.10.06"]
[SourceQuality "1"]

1. e4 c5 2. Nf3 d6 3. c3 Nf6 4. h3 Nc6 5. Bd3 e5 6. Bc2 d5 7. exd5 Qxd5 8. d3 Bf5 9. 0-0 0-0-0 10. Qe1 Bxd3 11. Bxd3 Qxd3 12. Nxe5 Nxe5 13. Qxe5 Bd6 14. Qe3 Qf5 15. Qg5 Qe6 16. Na3 h6 17. Qe3 Qd5 18. Qe2 Rhe8 19. Be3 Qe5 20. g3 Qe6 21. Kh2 Ne4 22. Rfe1 Bb8 23. Qf3 Rd3 24. Nc2 g5 25. Rad1 Rxd1 26. Qxd1 f5 27. Bxc5 Qc6 28. Bd4 f4 29. Qg4+ Qd7 30. Qxd7+ Kxd7 31. gxf4 gxf4 32. Kg2 Rg8+ 33. Kf3 Ng5+ 34. Kg4 Nf7+ 35. Kf5 Rg5+ 36. Kf6 Nd6 37. h4 Ne8+ 38. Rxe8 1-0

[Event "Minsk ODM Team Cup U16"]
[Site "Minsk"]
[Date "2021.??.??"]
[Round "5.1"]
[White "Vainerchuk, Barys"]
[Black "Siniukovich, Ivan"]
[Result "1/2-1/2"]
[WhiteElo "1993"]
[BlackElo "1745"]
[PlyCount "165"]
[EventDate "2021.03.01"]
[EventType "team-tourn"]
[EventRounds "7"]
[EventCountry "BLR"]
[SourceTitle "EXT 2022"]
[Source "ChessBase"]
[SourceDate "2021.10.06"]
[SourceVersion "1"]
[SourceVersionDate "2021.10.06"]
[SourceQuality "1"]
[WhiteTeam "Mogilevsk Region"]
[BlackTeam "Minsk Region"]
[WhiteTeamCountry "BLR"]
[BlackTeamCountry "BLR"]

1. e4 Nf6 2. e5 Nd5 3. c4 Nb6 4. d4 d6 5. exd6 exd6 6. Nc3 Be6 7. b3 Be7 8. Bd3 Bf6 9. Nge2 0-0 10. 0-0 c5 11. d5 Bg4 12. Qc2 Bxe2 13. Bxe2 N8d7 14. Bd3 g6 15. Bb2 Be5 16. Rae1 Re8 17. h3 f5 18. Ne2 Qf6 19. Bxe5 dxe5 20. Qb2 Nc8 21. Bc2 Nd6 22. Nc1 Qg5 23. Qc3 b5 24. f4 exf4 25. Re6 Rxe6 26. dxe6 Qf6 27. Qf3 Nb6 28. Rd1 Qxe6 29. Qxf4 Rd8 30. cxb5 Nd5 31. Qh4 Re8 32. Bd3 Nc3 33. Rf1 Ncxb5 34. Qf2 Nd4 35. b4 Qd5 36. bxc5 Qxc5 37. Nb3 Nxb3 38. axb3 Qxf2+ 39. Kxf2 Rb8 40. Rb1 Kf7 41. Ke3 Ke6 42. Kd4 Rb4+ 43. Kc3 Rb7 44. Kd4 Rd7 45. Ra1 Nc8+ 46. Ke3 Nb6 47. Ra6 Ke5 48. Ra5+ Nd5+ 49. Kf3 Kd4 50. Bc4 Nb6 51. Bb5 Rd5 52. g4 a6 53. Rxa6 Rxb5 54. gxf5 Rxf5+ 55. Kg4 Rb5 56. Ra7 h5+ 57. Kh4 Rxb3 58. Rg7 Nd5 59. Rxg6 Nf4 60. Ra6 Rxh3+ 61. Kg5 Ke3 62. Ra3+ Nd3 63. Ra4 Ne5 64. Ra3+ Nd3 65. Ra4 Kf3 66. Ra3 Kg2 67. Ra2+ Nf2 68. Ra4 Ng4 69. Ra2+ Nf2 70. Ra4 Ng4 71. Ra2+ Kf1 72. Ra1+ Ke2 73. Ra2+ Kd1 74. Ra1+ Kc2 75. Ra8 Nf2 76. Ra2+ Kd3 77. Rxf2 Ke3 78. Ra2 Rh1 79. Ra3+ Kd2 80. Ra2+ Kc3 81. Ra4 h4 82. Rxh4 Rxh4 83. Kxh4 1/2-1/2

[Event "Rilton Cup 49th"]
[Site "Stockholm"]
[Date "2020.01.05"]
[Round "9"]
[White "Jimenez Martinez, Jose Vicente"]
[Black "Vainerchuk, Barys"]
[Result "1/2-1/2"]
[WhiteElo "2233"]
[BlackElo "2057"]
[PlyCount "134"]
[EventDate "2019.12.27"]
[EventType "swiss"]
[EventRounds "9"]
[EventCountry "SWE"]
[SourceTitle "EXT 2021"]
[Source "ChessBase"]
[SourceDate "2020.10.23"]
[SourceVersion "1"]
[SourceVersionDate "2020.10.23"]
[SourceQuality "1"]

1. d4 Nf6 2. c4 e6 3. Nf3 b6 4. g3 Ba6 5. Qa4 c5 6. Bg2 Bb7 7. dxc5 Bxc5 8. 0-0 0-0 9. Nc3 Nc6 10. e4 Nd4 11. Nxd4 Bxd4 12. Ne2 Bc6 13. Qc2 Bc5 14. h3 Qc7 15. Bg5 Rac8 16. Kh2 Qb7 17. Bxf6 gxf6 18. Nf4 f5 19. Nh5 Be7 20. Rfe1 fxe4 21. Bxe4 f5 22. Bxc6 Qxc6 23. b3 Qf3 24. Qe2 Qxe2 25. Rxe2 Rc7 26. Rd1 Bg5 27. f4 Bd8 28. Red2 Rf7 29. g4 fxg4 30. hxg4 Kf8 31. Kg3 Ke8 32. Kf3 Rc5 33. Rd6 b5 34. cxb5 Rxb5 35. R1d3 Rb4 36. a3 Rb5 37. Ra6 Bb6 38. b4 Ke7 39. Rb3 Rd5 40. a4 Rf8 41. a5 Bd4 42. Ke4 Rb8 43. f5 Bc5 44. fxe6 Rd4+ 45. Kf3 dxe6 46. Nf4 Rd6 47. Rxd6 Bxd6 48. Nd3 a6 49. Rc3 Kd7 50. Rc4 Rb5 51. Rd4 Kc6 52. Ke3 h5 53. gxh5 Rxh5 54. Kd2 Rh3 55. Nf4 Rh2+ 56. Ne2 e5 57. Re4 Kd5 58. Rg4 e4 59. Ke3 Rh3+ 60. Kf2 Rf3+ 61. Kg2 Bxb4 62. Ng3 Ra3 63. Nxe4 Rxa5 64. Nf2 Rb5 65. Kf3 Bd6 66. Nd3 a5 67. Ke2 Kc6 1/2-1/2

[Event "Rilton Cup 49th"]
[Site "Stockholm"]
[Date "2019.12.30"]
[Round "4"]
[White "Vainerchuk, Barys"]
[Black "Petersson, Baldur Teodor"]
[Result "1/2-1/2"]
[WhiteElo "2057"]
[BlackElo "2247"]
[PlyCount "67"]
[EventDate "2019.12.27"]
[EventType "swiss"]
[EventRounds "9"]
[EventCountry "SWE"]
[SourceTitle "CBM 194 Extra"]
[Source "ChessBase"]
[SourceDate "2020.03.31"]
[SourceVersion "1"]
[SourceVersionDate "2020.03.31"]
[SourceQuality "1"]

1. e4 e6 2. d4 d5 3. Nc3 Bb4 4. e5 Qd7 5. a3 Bxc3+ 6. bxc3 b6 7. f4 Nc6 8. Bd3 Bb7 9. Nf3 Na5 10. Qe2 0-0-0 11. 0-0 Ne7 12. Bd2 h6 13. Rae1 g6 14. Rb1 Rdg8 15. Be3 Rg7 16. Nd2 Rhg8 17. Nb3 Nc4 18. Bc1 Qc6 19. Qf3 Kb8 20. Qh3 h5 21. Qf3 Nf5 22. Rf2 h4 23. Nd2 Qe8 24. Qe2 Qd8 25. Nf3 Rh8 26. Ng5 Qd7 27. Nf3 Ng3 28. Qe1 Ne4 29. Re2 Qc6 30. Ng5 Nxg5 31. fxg5 h3 32. g3 a5 33. Qf2 Rgh7 34. Qf3 1/2-1/2

[Event "Uppsala Young Champions"]
[Site "Uppsala"]
[Date "2019.10.29"]
[Round "7"]
[White "Vainerchuk, Barys"]
[Black "Carlsson, Ludvig"]
[Result "0-1"]
[WhiteElo "2136"]
[BlackElo "2066"]
[PlyCount "68"]
[EventDate "2019.10.25"]
[EventType "swiss"]
[EventRounds "9"]
[EventCountry "SWE"]
[SourceTitle "CBM 192 Extra"]
[Source "Chessbase"]
[SourceDate "2019.11.06"]
[SourceVersion "1"]
[SourceVersionDate "2019.11.06"]
[SourceQuality "1"]

1. e4 e5 2. Nf3 Nc6 3. Bb5 Nf6 4. 0-0 Nxe4 5. d4 Nd6 6. dxe5 Nxb5 7. a4 Nbd4 8. Nxd4 Nxd4 9. Qxd4 d6 10. Re1 d5 11. e6 Bxe6 12. Nc3 c6 13. Bf4 Qb6 14. Qd2 Be7 15. a5 Qd8 16. a6 b6 17. Ne2 c5 18. Be5 0-0 19. Nf4 Bg5 20. Qd3 Re8 21. Rad1 Bxf4 22. Bxf4 Qf6 23. Be5 Qg6 24. Qd2 d4 25. Bg3 h5 26. b4 Bd5 27. h4 Re4 28. Rxe4 Bxe4 29. Re1 Rc8 30. bxc5 bxc5 31. c3 d3 32. c4 Rd8 33. Kh2 Rd4 34. Bb8 Qxg2# 0-1

[Event "Uppsala Young Champions"]
[Site "Uppsala"]
[Date "2019.10.25"]
[Round "1"]
[White "Vainerchuk, Barys"]
[Black "Mitra, Akash"]
[Result "1-0"]
[WhiteElo "2136"]
[BlackElo "1936"]
[PlyCount "51"]
[EventDate "2019.10.25"]
[EventType "swiss"]
[EventRounds "9"]
[EventCountry "SWE"]
[SourceTitle "CBM 192 Extra"]
[Source "Chessbase"]
[SourceDate "2019.11.06"]
[SourceVersion "1"]
[SourceVersionDate "2019.11.06"]
[SourceQuality "1"]

1. e4 c5 2. Nf3 e6 3. d4 cxd4 4. Nxd4 Nf6 5. Nc3 Bb4 6. Bd3 Nc6 7. Nxc6 bxc6 8. 0-0 d5 9. e5 Nd7 10. Qg4 Bf8 11. f4 Qb6+ 12. Kh1 Ba6 13. f5 Nxe5 14. Qe2 Nxd3 15. cxd3 Bc8 16. Be3 Qd8 17. Bd4 Qg5 18. Qc2 Be7 19. Ne4 dxe4 20. Qxc6+ Bd7 21. Qxa8+ Bd8 22. fxe6 Bxe6 23. Qc6+ Kf8 24. Bc5+ Be7 25. Qa8+ Bc8 26. Qxc8# 1-0

[Event "Stockholm op"]
[Site "Stockholm"]
[Date "2019.08.17"]
[Round "8"]
[White "Vainerchuk, Barys"]
[Black "Evertsson, Rune"]
[Result "1/2-1/2"]
[WhiteElo "2003"]
[BlackElo "2025"]
[PlyCount "76"]
[EventDate "2019.08.12"]
[EventType "swiss"]
[EventRounds "9"]
[EventCountry "SWE"]
[SourceTitle "EXT 2020"]
[Source "ChessBase"]
[SourceDate "2019.10.17"]
[SourceVersion "1"]
[SourceVersionDate "2019.10.17"]
[SourceQuality "1"]

1. e4 c5 2. Nf3 d6 3. d4 cxd4 4. Nxd4 Nf6 5. Nc3 a6 6. Be2 e5 7. Nb3 Be7 8. 0-0 Be6 9. f4 exf4 10. Bxf4 Nc6 11. Bf3 Ne5 12. Qd4 Qc7 13. Nd5 Bxd5 14. exd5 0-0 15. c4 Nfd7 16. Be2 Bf6 17. Qf2 Ng6 18. Be3 Bxb2 19. Rab1 Be5 20. h4 Ne7 21. Bd3 Nf6 22. Qf3 Qd7 23. Nd4 Rab8 24. Nf5 Nxf5 25. Bxf5 Qa4 26. Bd3 b5 27. Bg5 bxc4 28. Rxb8 Rxb8 29. Bxf6 Bxf6 30. Qe4 Qe8 31. Qxh7+ Kf8 32. Qh8+ Ke7 33. Re1+ Be5 34. Qxe8+ Kxe8 35. Bxc4 a5 36. g4 Rb2 37. Re2 Rb1+ 38. Kg2 Rb4 1/2-1/2

[Event "Orsha op"]
[Site "Orsha"]
[Date "2019.01.21"]
[Round "6"]
[White "Runets, Ivan"]
[Black "Vainerchuk, Barys"]
[Result "1/2-1/2"]
[WhiteElo "2118"]
[BlackElo "1907"]
[PlyCount "102"]
[EventDate "2019.01.18"]
[EventType "swiss"]
[EventRounds "9"]
[EventCountry "BLR"]
[SourceTitle "CBM 188 Extra"]
[Source "ChessBase"]
[SourceDate "2019.02.26"]
[SourceVersion "1"]
[SourceVersionDate "2019.02.26"]
[SourceQuality "1"]

1. d4 f5 2. g3 Nf6 3. Bg2 d6 4. d5 e5 5. dxe6 c6 6. Nf3 Bxe6 7. 0-0 Be7 8. Nd4 Qd7 9. Nxe6 Qxe6 10. Nd2 0-0 11. c4 Na6 12. b3 Rad8 13. Bb2 Ne4 14. a3 d5 15. Nxe4 dxe4 16. Qc2 Rd7 17. Rad1 Rfd8 18. Bc1 Bf6 19. f3 e3 20. f4 Bd4 21. b4 Nc7 22. Rd3 Ne8 23. Qb3 Nf6 24. Bf3 Ne4 25. Kg2 c5 26. b5 Qf6 27. Bxe4 fxe4 28. Rdd1 Qe6 29. Bxe3 Bxe3 30. Rxd7 Rxd7 31. Qxe3 b6 32. Qb3 Rd2 33. Qe3 Rd7 34. Rc1 Rd4 35. Qb3 Qd7 36. Qe3 Kf8 37. Rc2 Qe6 38. Qb3 Kf7 39. a4 Rd1 40. Rc3 Rd2 41. Rc2 e3 42. Rxd2 Qe4+ 43. Kh3 exd2 44. Qd1 Qe3 45. Kg2 Qc3 46. e4 g6 47. Kf2 Qd4+ 48. Ke2 Qxe4+ 49. Kxd2 Qd4+ 50. Ke1 Qg1+ 51. Kd2 Qd4+ 1/2-1/2

[Event "Orsha op"]
[Site "Orsha"]
[Date "2019.01.20"]
[Round "4"]
[White "Sukalina, Alina"]
[Black "Vainerchuk, Barys"]
[Result "0-1"]
[WhiteElo "1546"]
[BlackElo "1907"]
[PlyCount "102"]
[EventDate "2019.01.18"]
[EventType "swiss"]
[EventRounds "9"]
[EventCountry "BLR"]
[SourceTitle "CBM 188 Extra"]
[Source "ChessBase"]
[SourceDate "2019.02.26"]
[SourceVersion "1"]
[SourceVersionDate "2019.02.26"]
[SourceQuality "1"]

1. d4 f5 2. c4 Nf6 3. Nc3 g6 4. Nf3 Bg7 5. g3 0-0 6. Bg2 d6 7. 0-0 c6 8. b3 Qe8 9. Qc2 h6 10. Ba3 Qf7 11. Rad1 Nbd7 12. d5 c5 13. Bb2 a6 14. a4 Re8 15. Rfe1 Nf8 16. h4 N8h7 17. Bc1 Ng4 18. Bf4 Nhf6 19. Nh2 Nxh2 20. Kxh2 g5 21. hxg5 Qh5+ 22. Kg1 hxg5 23. Bc1 Ng4 24. e3 Ne5 25. Bb2 g4 26. Ne2 Qg5 27. Nf4 Rb8 28. Qe2 Bd7 29. Bxe5 Bxe5 30. Nd3 Bf6 31. e4 Bc3 32. Rf1 Rf8 33. exf5 Bxf5 34. Nf4 Be5 35. Nd3 Bxd3 36. Qxd3 Rf7 37. Be4 Rbf8 38. Kg2 Rf6 39. Rd2 Bd4 40. Qc2 Qh6 41. Rh1 Qxd2 42. Qxd2 Rxf2+ 43. Qxf2 Rxf2+ 44. Kg1 Re2+ 45. Kf1 Rxe4 46. Rh5 Bf6 47. Kf2 Re5 48. Rxe5 Bxe5 49. Kg2 Kf7 50. Kf2 e6 51. dxe6+ Kxe6 0-1